Teaching on love (Record no. 2109)

MARC details
000 -LEADER
fixed length control field 00652 a2200205 4500
010 ## - LIBRARY OF CONGRESS CONTROL NUMBER
LC control number ENG-85277
020 ## - INTERNATIONAL STANDARD BOOK NUMBER
Terms of availability 125.00
International Standard Book Number 8176211672
035 ## - SYSTEM CONTROL NUMBER
System control number EN-68810
037 ## - SOURCE OF ACQUISITION
Source of stock number/acquisition D.B.Act / Pub
082 14 - DEWEY DECIMAL CLASSIFICATION NUMBER
Classification number 150
090 ## - LOCALLY ASSIGNED LC-TYPE CALL NUMBER (OCLC); LOCAL CALL NUMBER (OCLC)
-- 2149
-- 2149
100 1# - MAIN ENTRY--PERSONAL NAME
Personal name Hanh, Thich Nhat
245 1# - TITLE STATEMENT
Title Teaching on love
Statement of responsibility, etc Thich Nhat Hanh
260 ## - PUBLICATION, DISTRIBUTION, ETC. (IMPRINT)
Place of publication, distribution, etc New Delhi
Name of publisher, distributor, etc Full Circle Publishing
Date of publication, distribution, etc 2005
270 ## - ADDRESS
Address J-40, Jor Bagh
City New Delhi
State or province Delhi
Postal code 110003
Telephone number 24620063
Fax number 24645795
Electronic mail address fullcircle@vsnl.com
300 ## - PHYSICAL DESCRIPTION
Extent 183 p. :
Dimensions 20.5 cm. (Pbk)
650 #0 - SUBJECT ADDED ENTRY--TOPICAL TERM
Topical term or geographic name as entry element Love
942 ## - ADDED ENTRY ELEMENTS (KOHA)
Institution code [OBSOLETE] dpl
Koha item type English Books
Call number prefix 150 / HAN
Holdings
Withdrawn status Lost status Source of classification or shelving scheme Damaged status Not for loan Collection code Home library Current library Source of acquisition Cost, normal purchase price Total Checkouts Full call number Barcode Date last seen Copy number Uniform Resource Identifier Cost, replacement price Price effective from Koha item type
    Dewey Decimal Classification   Not For Loan Non-fiction D.B.Act.Division D.B.Act.Division DBAD/PUB 125.00   150 EN-68810 15/09/2008 1 2237 125.00 15/09/2008 English Books

© Delhi Public Library
Hit Counter
free hit counter